| 000 | 01719cam a2200409 i 4500 | ||
|---|---|---|---|
| 001 | EDZ0000052725 | ||
| 003 | StDuBDS | ||
| 005 | 20161031105201.0 | ||
| 006 | m||||||||d|||||||| | ||
| 007 | cr ||||||||||| | ||
| 008 | 111128s2012 cau fo| 001|0|eng|d | ||
| 020 |
_a9781446247549 (ebook) : _cNo price |
||
| 040 |
_aStDuBDS _beng _cStDuBDS _erda _epn |
||
| 049 | _aAlfaisal Main Library | ||
| 050 | 4 | _aLB1731.4 | |
| 082 | 0 | 4 |
_a371.102 _223 |
| 245 | 0 | 4 |
_aThe SAGE handbook of mentoring and coaching in education / _cedited by Sarah J. Fletcher and Carol A. Mullen. |
| 246 | 3 | 0 | _aMentoring and coaching in education |
| 264 | 1 |
_aLos Angeles : _bSAGE Publications, _c2012. |
|
| 300 | _a1 online resource (xxiv, 542 pages) | ||
| 336 |
_atext _2rdacontent |
||
| 337 |
_acomputer _2rdamedia |
||
| 338 |
_aonline resource _2rdacarrier |
||
| 504 | _aIncludes bibliographical references and index. | ||
| 520 | 8 | _aCovering national and international research on schools, higher education, and disciplines within and beyong education, this handbook maps current knowledge and understanding, values and skills underpinning educational mentoring and coaching for learning. | |
| 521 | _aSpecialized. | ||
| 588 | _aDescription based on print version record. | ||
| 650 | 0 |
_aMentoring in education _vHandbooks, manuals, etc. |
|
| 650 | 0 |
_aTeachers _xTraining of _vHandbooks, manuals, etc. |
|
| 655 | 7 |
_aElectronic books. _2local |
|
| 700 | 1 |
_aFletcher, Sarah J., _eeditor. |
|
| 700 | 1 |
_aMullen, Carol A., _eeditor. |
|
| 710 | 2 | _aSage eBooks | |
| 776 | 0 | 8 |
_iPrint version : _z9780857027535 |
| 856 | 4 | 0 | _uhttp://ezproxy.alfaisal.edu/login?url=http://sk.sagepub.com/reference/hdbk_mentorcoachedu |
| 942 |
_2lcc _cEBOOKS |
||
| 999 |
_c481158 _d481158 |
||